Portugal Current Squad - Statistics

General Stats
  • This quiz has been taken 175 times
    74 since last reset
  • The average score is 19 of 26
Answer Stats
Role Club Player Name % Correct
Forward Al-Nassr Cristiano Ronaldo
95%
Defender Manchester City Rúben Dias
93%
Midfielder Manchester City Bernardo Silva
91%
Goalkeeper FC Porto Diogo Costa
91%
Midfielder Paris Saint-Germain João Neves
89%
Midfielder Paris Saint-Germain Vitinha
89%
Midfielder Manchester United Bruno Fernandes
88%
Defender Paris Saint-Germain Nuno Mendes
88%
Midfielder Al-Hilal Rúben Neves
88%
Goalkeeper Sporting CP Rui Silva
88%
Defender SL Benfica António Silva
84%
Forward Paris Saint-Germain Gonçalo Ramos
84%
Forward AC Milan Rafael Leão
84%
Forward Chelsea Pedro Neto
80%
Defender Manchester United Diogo Dalot
79%
Goalkeeper Wolverhampton Wanderers José Sá
77%
Midfielder Bayern Munich João Palhinha
68%
Coach - Roberto Martínez
64%
Forward Chelsea João Félix
63%
Forward Juventus Francisco Conceição
57%
Defender Sporting CP Gonçalo Inácio
54%
Forward Sporting CP Francisco Trincão
46%
Forward Sporting CP Pedro Gonçalves
45%
Defender Chelsea Renato Veiga
38%
Defender Without Club Nélson Semedo
34%
Midfielder FC Porto Rodrigo Mora
21%
No matching quizzes found
Score Distribution
Percent of People with Each Score
Percentile by Number Answered
Your Score History
You have not taken this quiz since the last reset